000 00693nam a2200217Ii 4500
003 JO-AjNU
008 230606s9999||||xx |||||||||||||| ||und||
020 _a0-393-92531-5(pbk) , 0-393-92532-3(pbk)
040 _aJO-AjNU
_beng
_erda
_cJO-AjNU
041 _aeng
050 1 4 _a PR1109 .A27,2009
100 3 _aGreenblat, Stephen, Abrams, M.H,
_eauthor
_91667
245 0 0 _a The Norton Anthology of English literature.
250 _a8 ed
264 3 1 _aNew York: Norton, 2009
300 _a2904p
336 _atext
_btxt
_2rdacontent
337 _aunmediated
_bn
_2rdamedia
338 _avolume
_bnc
_2rdacarrier
650 4 _aEnglish literature -- Great Britain -- Literary collections
_91668
999 _aE874
_c874
_d874